INVESTMENT guide for the wood-based industry in Malaysia

Bibliographic Details
Corporate Authors: Malaysian Industrial Development Authority (MIDA), The Malaysian Timber Industry Board (MTIB)
Format: Book
Published: Kuala Lumpur : Malaysian Timber Industry Board , 1987
Subjects:

MARC

LEADER 00000cam a2200000 7i4500
001 0000000506
005 20000824.0
090 0 0 |a 674.09595   |b INV 1987 
245 0 0 |a INVESTMENT guide for the wood-based industry in Malaysia 
260 0 0 |a Kuala Lumpur :   |b Malaysian Timber Industry Board ,   |c 1987 
300 |a 49 p. :   |b maps ;   |c 30 cm. 
650 0 0 |a Forest products industry   |z Malaysia 
650 0 0 |a Lumber trade   |z Malaysia 
710 1 1 |a Malaysian Industrial Development Authority (MIDA) 
710 1 1 |a The Malaysian Timber Industry Board (MTIB) 
999 |a 0000001660   |b Monograph   |c Open Shelf   |e Default branch